000 00878cam a2200265 i 4500
001 17612752
005 20171211095525.0
008 130204s2014 maua 001 0 eng
010 _a 2013000416
020 _a9780133142662 (pbk. : spiral bound : volume 1)
020 _a0133142663 (pbk. : spiral bound : volume 1)
020 _a9780133411799 (spiral bound : volume 2)
020 _a0133411796 (spiral bound : volume 2)
040 _aDLC
_beng
_cDLC
_erda
_dDLC
041 _aeng
042 _apcc
080 _a004 GAS
082 0 0 _a004 GAS
_223
100 1 _a28
101 _aSHK
245 1 0 _aGo! with Microsoft Office 2013 /
_cShelley Gaskin, Alicia Vargas, and Carolyn McLellan.
906 _a7
_bcbc
_corignew
_d1
_eecip
_f20
_gy-gencatlg
942 _2ddc
_cBK
999 _c38868
_d38868